000 03626namaa22004211i 4500
003 EG-GICUC
005 20260311102116.0
008 260301s2025 ua a|||frm||| 000 0 eng d
040 _aEG-GICUC
_beng
_cEG-GICUC
_dEG-GICUC
_erda
041 0 _aeng
_beng
_bara
049 _aDeposit
082 0 4 _a670.5
092 _a670.5
_221
097 _aPh.D
099 _aCai01.13.13.Ph.D.2025.Ra.M
100 0 _aRana Mohamed Abdel Rahman Saleh,
_epreparation.
245 1 0 _aModeling and analysis of the scheduling, storage, and equipment assignment integrated problem for the improvement of warehouse put-away processes /
_cby Rana Mohamed Abdel Rahman Saleh ; Supervisors Prof. Dr. Tamer F. Abdelmaguid.
246 1 5 _aنمذجة وتحليل مشكلة الجدولة والتخزين وتعيين المعدات المتكاملة لتحسين عمليات الإيداع فى المستودعات
264 0 _c2025.
300 _a126 pages :
_billustrations ;
_c30 cm. +
_eCD.
336 _atext
_2rda content
337 _aUnmediated
_2rdamedia
338 _avolume
_2rdacarrier
502 _aThesis (Ph.D)-Cairo University, 2025.
504 _aBibliography: pages 117-126.
520 3 _aThis study combines put-away operations with parallel machine scheduling in dedicated and randomized storage systems, using binary integer nonlinear programming models to address constraints like product arrivals and precedence, material handling equipment eligibility. It aims to minimize costs and times related to transportation, waiting at the Input/Output station, storage, and tardiness, introducing new test instances. Due to complexity, metaheuristic techniques are developed, such as Discrete Particle Swarm Optimization, Genetic Algorithms, and Non-dominated Sorting Genetic Algorithm II.
520 3 _aتجمع هذه الدراسة بين عمليات التخزين وجدولة الآلات المتوازية في أنظمة مخصصة وعشوائية، باستخدام نماذج البرمجة غير الخطية ثنائية الأعداد الصحيحة (BINLP) لمعالجة قيود مثل وصول المنتجات وأسبقيتها، وأهلية المعدات الطبية عالية الأداء (MHE)، بالإضافة إلى تكاليف المناولة. تهدف الدراسة إلى تقليل التكاليف والأوقات المتعلقة بالنقل، والانتظار في محطة الإدخال/الإخراج، والتخزين، والتأخير، من خلال طرح نماذج اختبار جديدة. ونظرًا للتعقيد، طُوّرت تقنيات استدلالية مثل تحسين أسراب الجسيمات المنفصلة، والخوارزمية الجينية، وخوارزمية الترتيب غير المسيطر الجينية II.
530 _aIssues also as CD.
546 _aText in English and abstract in Arabic & English.
650 0 _aMechanical engineering
650 0 _aالهندسة الميكانيكية
653 1 _aPut-away Process
_aUnrelated Parallel Machine Scheduling
_aStorage Policies
_aDiscrete Particle Swarm Optimization
_aGenetic Algorithms
_aالإيداع
_aجدولة الآلات المتوازية غير المتجانسة
700 0 _aTamer F. Abdelmaguid
_ethesis advisor.
900 _b01-01-2025
_cTamer F. Abdelmaguid
_dMohamed Hassan Gadallah
_dSherif Adel Fahmy
_UCairo University
_FFaculty of Engineering
_DDepartment of Mechanical Design and Production Engineering
905 _aShimaa
_eEman Ghareb
942 _2ddc
_cTH
_e21
_n0
999 _c178776